Κατάλογος Βιβλιοθηκών Mediterranean College

International Economics / A Policy Approach (Record no. 2680)

MARC details
000 -LEADER
fixed length control field 01354cam a22002054a 4500
005 - ΗΜΕΡΟΜΗΝΙΑ ΚΑΙ ΩΡΑ ΤΕΛΕΥΤΑΙΑΣ ΕΝΗΜΕΡΩΣΗΣ
Πεδίο ελέγχου 20250605164050.0
008 - FIXED-LENGTH DATA ELEMENTS--GENERAL INFORMATION
Πεδίο ελέγχου σταθερού μήκους 250528s ||||||||||||||||||||||||d
035 ## - SYSTEM CONTROL NUMBER
System control number 17252
020 ## - ISBN
ISBN 155415387
040 ## - ΠΗΓΗ ΚΑΤΑΛΟΓΟΓΡΑΦΗΣΗΣ
Φορέας πρωτότυπης καταλογογράφησης MC Athens Campus Library
Γλώσσα καταλογογράφησης Ελληνικά, Μοντέρνα (1453-)
Modifying agency MC Athens Campus Library
Κανόνες περιγραφικής καταλογογράφησης AACR2
245 1# - ΤΙΤΛΟΣ ΚΑΙ ΔΗΛΩΣΗ ΥΠΕΥΘΥΝΟΤΗΤΑΣ
Τίτλος International Economics / A Policy Approach
250 ## - EDITION STATEMENT
Edition statement 5th
260 ## - PUBLICATION, DISTRIBUTION, ETC.
Name of publisher, distributor, etc. Harcourt Brace College Publishers,
Date of publication, distribution, etc. 1987
300 ## - PHYSICAL DESCRIPTION
Extent 466
520 ## - SUMMARY, ETC.
Summary, etc. Preface, World Trade and the American Economy, International Financial Relations, Statement of International Transactions, The International Currency System, National Income Determination in an Open Economy, Balance-of-Payments Adjustment Policies Under Fixed Exchange Rates, Exchange-Rate Adjustment, The Monetary Approach to the Balance of Payments, Exchange Control; Bilaterialism; Financial History, Reforming the International Monetary System, International Trade Relations, Why Nations Trade, The Commodity Composition of Trade, Protection of Domestic Industries: The Tariff, Non-Tariff Barriers (NTBs) to Trade, U.S. Commercial Policy, International and Regional Trade Organizations among Developed Countries, Selected Trade Problems of Developing Countries, International Mobility of Productive Factors, Appendices, Bibliography, Index.
700 1# - ΠΡΟΣΘΕΤΗ ΑΝΑΓΡΑΦΗ--ΦΥΣΙΚΟ ΠΡΟΣΩΠΟ
Personal name Kreinin E. Mordechai
9 (RLIN) 3411
942 ## - ADDED ENTRY ELEMENTS (KOHA)
Koha item type Books
Holdings
Τύπος τεκμηρίου Βιβλιοθήκη Τρέχουσα τοποθεσία Barcode Αριθμός εισαγωγής Ημερομηνία απόκτησης Ταξιθετικό σύμβολο Αριθμός αντιτύπου Κατάσταση απόσυρσης Κατάσταση χαμένου Κατάσταση κατεστραμμένου Μη δανεισμός Σύνολο δανεισμών Ημερομηνία τελευταίας εμφάνισης Η τιμή ισχύει από
Books MC Athens Campus Library MC Athens Campus Library 9780000026798 917 05/06/2025 337 KRE 1           05/06/2025 05/06/2025

MC Athens Campus Library
Πατησίων 94 & Κοδριγκτώνος 13, 104 34
Πελλήνης 8 & Πατησίων 107, 112 51
Τ: +30 210 8899600

MC Thessaloniki Campus Library
Ίωνος Δραγούμη 21, 54625 | Ίωνος Δραγούμη 15, 54625
Τ: +30 2310 287779 – Τ: +30 2314 440300